| 000 | 00979nam a2200301 i 4500 | ||
|---|---|---|---|
| 001 | bg | ||
| 100 | 1 | _aPERSIDSKY, Andre | |
| 245 | 1 | 0 |
_aPo prostu Macromedia Director 7 / _cAndre Persidsky ; [tł. Maciej Gdula, Grzegorz Pałys]. |
| 246 |
_iTyt. oryg.: _aMacromedia Director 7 : Visual QuickStart Guide |
||
| 260 |
_aGliwice : _b"Helion", _ccop. 2000. |
||
| 300 |
_a389 s. : _bil. ; _c23 cm. |
||
| 490 | 1 | _aPo Prostu | |
| 500 | _aTyt. oryg.: "Macromedia Director 7 : Visual QuickStart Guide", 2000. | ||
| 504 | _aIndeks. | ||
| 650 | 9 | _aDirector | |
| 655 | _aPodręczniki | ||
| 700 | 1 |
_aGDULA, Maciej. _eTł. |
|
| 700 | 1 |
_aPAŁYS, Grzegorz. _eTł. |
|
| 830 | _aPo Prostu | ||
| 020 | _a8371971834 | ||
| 040 | _cBPK | ||
| 041 | 1 |
_apol _heng |
|
| 080 | _a004.42(07) | ||
| 920 | _a83-7197-183-4 | ||
| 942 | _cKS | ||
| 008 | s pl f |000 0 pol | ||
| 856 |
_uhttp://koha.tu.koszalin.pl/cgi-bin/koha/opac-detail.pl?biblionumber=46112 _yKatalog online BPK |
||
| 999 |
_c46112 _d46112 |
||